| 000 | 00000nem##2200000za#4500 |
| 001 | 9.616354 |
| 003 | CaOODSP |
| 005 | 20230131161134 |
| 007 | aj |a||| |
| 008 | 150406|2003||||xxc|||| a##f | eng|d |
| 040 | |aCaOODSP|beng |
| 043 | |an-cn--- |
| 086 | 1 |aM48-2016AE |
| 110 | 2 |aGeological Survey of Canada. |
| 245 | 10|aGeology, Eastern Prince of Wales Island and adjacent smaller islands, Nunavut |h[cartographic material] |
| 250 | |aScale 1:125,000 |
| 260 | |aOttawa - Ontario : |bNatural Resources Canada. |c2003. |
| 300 | |a1 sheet. ; |c109 cm. |
| 490 | 1 |a"A" series map |v2016A |
| 590 | |a03-18|b2003-05-02 |
| 776 | 0#|tGeology, eastern Prince of Wales Island and adjacent smaller islands, Nunavut / |w(CaOODSP)9.579048 |
| 830 | #0|aGeological Survey of Canada, "A" series map ;|v2016A|w(CaOODSP)9.515061 |